[Event "DEN-chT 2122 59th"]
[Site "Denmark"]
[Date "2021.10.30"]
[Round "1.4"]
[White "Hector, Jonny"]
[Black "Rasmussen, Allan Stig"]
[Result "0-1"]
[WhiteElo "2443"]
[BlackElo "2566"]
[PlyCount "100"]
[EventDate "2021.10.30"]
[EventType "team-tourn"]
[EventRounds "9"]
[EventCountry "DEN"]
[SourceTitle "CBM 204 Extra"]
[Source "ChessBase"]
[SourceDate "2021.11.30"]
[SourceVersion "1"]
[SourceVersionDate "2021.11.30"]
[SourceQuality "1"]
[WhiteTeam "Nordkallotten"]
[BlackTeam "Jetsmark"]
[WhiteTeamCountry "DEN"]
[BlackTeamCountry "DEN"]

1. e4 c6 2. Nc3 d5 3. Nf3 dxe4 4. Nxe4 Nf6 5. Qe2 Bg4 6. h3 Bh5 7. d3 Nxe4 8. dxe4 e5 9. g4 Bg6 10. Bd2 Nd7 11. Bc3 f6 12. 0-0-0 Qc7 13. Qe1 a5 14. Nh4 Bf7 15. Kb1 b5 16. Nf5 g6 17. Ne3 Nc5 18. f3 Be7 19. g5 h5 20. gxf6 Bxf6 21. f4 0-0 22. Rg1 Nxe4 23. Bxe5 Bxe5 24. fxe5 Qxe5 25. Bd3 Rae8 26. Bxe4 Qxe4 27. Rd3 Bc4 28. Rc3 Rf3 29. Qd1 Rxe3 30. Rxe3 Qxe3 31. Rxg6+ Kf7 32. Rg1 Qe5 33. b3 Bd5 34. Qd2 Qe3 35. Rf1+ Kg8 36. Qxa5 Bg2 37. Rc1 Bxh3 38. a4 Bf5 39. Kb2 Qe5+ 40. Ka2 bxa4 41. Qxa4 Qc3 42. Qa7 Qe3 43. Qa3 Kh7 44. Kb1 Rb8 45. Kb2 Qd4+ 46. Kb1 Qb4 47. Kb2 Qxa3+ 48. Kxa3 h4 49. b4 h3 50. c4 Be4 0-1

[Event "DEN-ch"]
[Site "Svendborg"]
[Date "2021.10.23"]
[Round "8"]
[White "Antonsen, Mikkel"]
[Black "Rasmussen, Allan Stig"]
[Result "0-1"]
[WhiteElo "2409"]
[BlackElo "2566"]
[PlyCount "84"]
[EventDate "2021.10.16"]
[EventType "tourn"]
[EventRounds "9"]
[EventCountry "DEN"]
[EventCategory "9"]
[SourceTitle "CBM 204 Extra"]
[Source "ChessBase"]
[SourceDate "2021.11.30"]
[SourceVersion "1"]
[SourceVersionDate "2021.11.30"]
[SourceQuality "1"]

1. d4 Nf6 2. c4 e6 3. Nc3 Bb4 4. Qc2 d6 5. a3 Bxc3+ 6. Qxc3 Nbd7 7. f3 Nh5 8. g4 Nhf6 9. e4 c5 10. dxc5 Nxc5 11. b4 Na4 12. Qb3 Bd7 13. Be3 Rc8 14. Ne2 0-0 15. Rd1 Qc7 16. Nc3 Nxc3 17. Qxc3 Ba4 18. Rd2 Nd7 19. Kf2 Ne5 20. Be2 f5 21. gxf5 exf5 22. exf5 Rxf5 23. f4 Qe7 24. h4 Rcf8 25. Qd4 Bc6 26. Rh2 Ng6 27. Qxd6 Qe8 28. Rd4 R5f6 29. Qc7 R6f7 30. Qd6 Rf6 31. Qc7 R6f7 32. Qd6 Re7 33. Rh3 Re6 34. Qc7 Re7 35. Qd6 Nxf4 36. Rxf4 Rxf4+ 37. Qxf4 Rf7 38. Qxf7+ Qxf7+ 39. Ke1 Qe6 40. Rg3 Qe5 41. Bf2 Qa1+ 42. Kd2 Qb2+ 0-1

[Event "DEN-ch"]
[Site "Svendborg"]
[Date "2021.10.22"]
[Round "7"]
[White "Chatalbashev, Boris"]
[Black "Rasmussen, Allan Stig"]
[Result "1/2-1/2"]
[WhiteElo "2536"]
[BlackElo "2566"]
[PlyCount "23"]
[EventDate "2021.10.16"]
[EventType "tourn"]
[EventRounds "9"]
[EventCountry "DEN"]
[EventCategory "9"]
[SourceTitle "CBM 204 Extra"]
[Source "ChessBase"]
[SourceDate "2021.11.30"]
[SourceVersion "1"]
[SourceVersionDate "2021.11.30"]
[SourceQuality "1"]

1. Nf3 f5 2. d3 d6 3. e4 e5 4. Nc3 Nc6 5. exf5 Nge7 6. Nh4 Nxf5 7. Qh5+ g6 8. Nxg6 Ng7 9. Qh6 Nf5 10. Qh5 Ng7 11. Qh6 Nf5 12. Qh5 1/2-1/2

[Event "DEN-ch"]
[Site "Svendborg"]
[Date "2020.10.17"]
[Round "9"]
[White "Haubro, Martin"]
[Black "Rasmussen, Allan Stig"]
[Result "1/2-1/2"]
[WhiteElo "2423"]
[BlackElo "2559"]
[PlyCount "89"]
[EventDate "2020.10.09"]
[EventType "tourn"]
[EventRounds "9"]
[EventCountry "DEN"]
[EventCategory "10"]
[SourceTitle "CBM 198 Extra"]
[Source "ChessBase"]
[SourceDate "2020.11.30"]
[SourceVersion "1"]
[SourceVersionDate "2020.11.30"]
[SourceQuality "1"]

1. e4 c6 2. d4 d5 3. exd5 cxd5 4. Nf3 Nf6 5. c4 e6 6. Nc3 Bb4 7. cxd5 Nxd5 8. Qc2 Nc6 9. Bd3 Ba5 10. a3 h6 11. 0-0 0-0 12. Rd1 Bd7 13. Nxd5 exd5 14. Ne5 Bb6 15. Nxc6 Bxc6 16. Be3 Rc8 17. Qd2 Qf6 18. Bc2 Bb5 19. Rac1 Rfe8 20. Bb1 Bc7 21. g3 Qf3 22. Re1 h5 23. Qd1 Qxd1 24. Rexd1 Bb6 25. Rxc8 Rxc8 26. Ba2 Be2 27. Rc1 Rxc1+ 28. Bxc1 Bf3 29. Be3 g5 30. Bb1 Be4 31. Bxe4 dxe4 32. Bxg5 Bxd4 33. b3 a6 34. Kg2 Kg7 35. f3 Kg6 36. Bf4 Kf5 37. Bb8 b5 38. h3 exf3+ 39. Kxf3 Bc5 40. a4 bxa4 41. bxa4 Ke6 42. Kf4 Be7 43. g4 hxg4 44. Kxg4 f5+ 45. Kf3 1/2-1/2